000 00713nam a22001697a 4500
999 _c80693
_d80693
008 201130b ||||| |||| 00| 0 eng d
040 _bger
_cSTAFF
_erda
_aSTAFF
041 _ager
245 _aWintereinbruch bringt Räumdienste ins Schwitzen.
_bWetter: Temperaturen im zweistelligen Minusbereich und Dauerschneefall - die Frankfurter Feuerwehr warnt trotzdem eindringlich vor dem Betreten der Eisflächen /
653 _aFrankfurt (Oder)
653 _aKlima / Wetter
773 _dFrankfurt (Oder): Märkisches Verlags- und Druckhaus GmbH & Co KG
_g32. Jahrgang (2021) Nr. 33 vom 09.02.2021, S. 11
_tMärkische Oderzeitung
942 _cA